000 00374nam a2200121Ia 4500
008 230907s9999||||xx |||||||||||||| ||und||
082 _a333.7915,ZAT
100 _aZatzman, Gary.
_9114937
245 0 _aSustainable resource development /
260 _aJohn Wiley & Sons ; | Scrivener Pub.,
_bHoboken, N.J. : | Salem, Mass. :
_c2012
300 _axxxiv, 504 p. :
942 _cBK
999 _c597538
_d597538